000 00497nam a2200181Ia 4500
008 100917s9999 xx 000 0 und d
082 _b27633
100 _aमाडखोलकर गजानन त्र्यंबक
245 _aअनघा
260 _bके. वि. कोठावळे
_c1970
300 _a198
365 _b10
520 _aकादंबरी
630 _aअनघा
650 _aकादंबरी
730 _aअनघा
942 _cBOOK
999 _c633027
_d633024